00250nam a2200097Ia 450000500170000000800410001710000170005824500220007526000410009765000140013820250409181006.0250409s9999||||xx |||||||||||||| ||und|| aWALTON, JOHN 0aMAKERS OF THE USA bOxford University Press,aNew Delhi: vBiography